000 01098nmc a2200373 a 4500
003 AR-BaBNM
005 20251128204940.0
008 316019s1985 ||||||||||||||000 | spa||
020 _a950-25-0115-2
040 _cAR-BaBNM
100 1 _aBialet Massé, Juan
245 1 0 _aInforme Bialet-Massé
_bsobre el estado de las clases obreras argentinas a comienzos del siglo. 2
260 _aBuenos Aires
_bCentro Editor de América Latina
_c1985
300 _a297 p.
490 0 _aBiblioteca política argentina
_vv. 116
600 1 4 _aRoca, Julio Argentino
_d1898-1904
650 4 _aHISTORIA ARGENTINA
650 4 _aHISTORIA SOCIAL
650 4 _aHISTORIA SINDICAL
650 4 _aHISTORIA ECONOMICA
650 4 _aHISTORIA DEL TRABAJO
650 4 _aINMIGRACION EN ARGENTINA
650 4 _aMOVIMIENTO OBRERO
650 4 _aCLASE BAJA
650 4 _aCONDICIONES DE TRABAJO
650 4 _aTRABAJADORES AGRICOLAS
650 4 _aTRABAJADORAS
651 4 _aCórdoba
651 4 _aLa Rioja
651 4 _aSanta Fe
800 1 _aTroncoso, Oscar
_edirector
942 _cBK
998 _cEnrique
999 _c9451
_d9451